La última catástrofe. La historia, el presente, lo contemporáneo

I tiakina i:
Ngā taipitopito rārangi puna kōrero
Kaituhi matua: Rousso, Henry (Author)
Hōputu: Pukapuka
Reo:Pāniora
I whakaputaina: Santiago, Chile. Universitaria, 2018
Ngā marau:
Ngā Tūtohu: Tāpirihia he Tūtohu
Kāore He Tūtohu, Me noho koe te mea tuatahi ki te tūtohu i tēnei pūkete!

MARC

LEADER 00000cam a2200000 a 4500
001 UCB0006
003 CL-VaPUC
005 20211008094419.0
008 191206e20180000cl spa d
999 |c 375815  |d 375813 
020 |a 9789561125827 
040 |c Pontificia Universidad Católica de Valparaíso 
082 0 4 |a 907.2 ROU 2018  |2 21 
100 1 |a Rousso, Henry  |e author  |9 604785 
245 1 3 |a La última catástrofe. La historia, el presente, lo contemporáneo 
260 |a Santiago, Chile.  |b Universitaria,  |c 2018 
300 |a 285 páginas 
583 |a last modification  |c 20191206 10:52:00  |k cmena 
650 0 0 |a Historiografía   |9 257871 
650 0 0 |a Historia moderna  |9 268036 
650 0 0 |a Filosofía de la historia  |9 265651 
942 |c BK  |2 ddc 
945 |a cmena  |d 20191206 10:52:00 
952 |0 0  |1 0  |2 ddc  |3 erb  |4 0  |6 907_200000000000000_ROU_2018  |7 0  |8 A  |9 495618  |a BIBHIS  |b BIBHIS  |e 80  |g 17000.00  |i 556686K  |l 3  |o 907.2 ROU 2018  |p 556686K  |r 2025-01-20  |s 2023-07-07  |v 17000.00  |w 2020-01-06  |y BK  |z Catalogado en:20191206  |k HIS